000
00304nam a22001457a 4500
008
230831b ||||| |||| 00| 0 eng d
020
_a
0300033400
041
_a
eng
080
_a
61
082
_a
61MAR
100
_a
4
101
_a
MJPGJ
245
_a
ORIGINS OF SEX
_c
MARGULIS.L
942
_2
udc
_c
BK
999
_c
60220
_d
60220